Blooming beyond pain: a guide to healing your soul after the loss of a loved one (Record no. 211777)
[ view plain ]
| 000 -LEADER | |
|---|---|
| fixed length control field | 00575nam a2200181Ia 4500 |
| 008 - FIXED-LENGTH DATA ELEMENTS--GENERAL INFORMATION | |
| fixed length control field | 210719s2020 xx 000 0 und d |
| 020 ## - INTERNATIONAL STANDARD BOOK NUMBER | |
| International Standard Book Number | 978-1-63669-515-0 |
| 041 ## - LANGUAGE CODE | |
| Language code of text/sound track or separate title | eng |
| 082 ## - DEWEY DECIMAL CLASSIFICATION NUMBER | |
| Classification number | 158.1 SHRB |
| 100 ## - MAIN ENTRY--PERSONAL NAME | |
| Personal name | SHRUTHI (M S) |
| 245 ## - TITLE STATEMENT | |
| Title | Blooming beyond pain: a guide to healing your soul after the loss of a loved one |
| 260 ## - PUBLICATION, DISTRIBUTION, ETC. | |
| Place of publication, distribution, etc. | Chennai |
| Name of publisher, distributor, etc. | Notion Press |
| Date of publication, distribution, etc. | 2020 |
| 300 ## - PHYSICAL DESCRIPTION | |
| Extent | 119 |
| Other physical details | PB |
| 365 ## - TRADE PRICE | |
| Price amount | 225 |
| Currency code | Rs |
| 650 ## - SUBJECT ADDED ENTRY--TOPICAL TERM | |
| Topical term or geographic name entry element | Applied Psychology |
| 650 ## - SUBJECT ADDED ENTRY--TOPICAL TERM | |
| Topical term or geographic name entry element | Psychology |
| 906 ## - LOCAL DATA ELEMENT F, LDF (RLIN) | |
| a | after ; beyond ; Blooming ; guide ; healing ; loss ; loved ; one ; pain: ; soul ; your |
| Withdrawn status | Lost status | Damaged status | Not for loan | Collection code | Home library | Current library | Date acquired | Source of acquisition | Cost, normal purchase price | Total Checkouts | Full call number | Barcode | Date last seen | Cost, replacement price | Price effective from | Koha item type |
|---|---|---|---|---|---|---|---|---|---|---|---|---|---|---|---|---|
| St Aloysius Library | St Aloysius Library | 02/09/2021 | General Annual | Navakarnataka Publication Pvt Ltd Mangalore | 225.00 | 158.1 SHRB | 074591 | 07/19/2021 | 180.00 | 07/19/2021 | Book |